Les 20 villes les plus peuplées du Lot (46) - Statistiques

Statistiques générales
  • Ce quiz a été pris 38 fois
  • Le résultat moyen est 8 sur 20
Statistiques - réponses
HINT HINT ANSWER % Correct
19 902 C Cahors
100%
9 757 F Figeac
93%
4 080 G Gourdon
79%
3 496 G Gramat
61%
3 600 P Pradines
61%
3 199 S Souillac
61%
3 449 S Saint-Céré
57%
2 500 P Prayssac
54%
1 429 B Bretenoux
46%
1 968 B Biars-sur-Cère
43%
1 878 L Lalbenque
43%
1 758 L Luzech
32%
1 639 M Martel
32%
1 870 P Puy-l'Évêque
25%
1 481 B Bagnac-sur-Célé
18%
1 544 L Le Vigan
11%
1 812 M Montcuq-en-Quercy-Blanc
11%
1 827 C Castelnau Montratier-Sainte Alauzie
7%
1 316 L Labastide-Marnhac
4%
1 335 S Sousceyrac-en-Quercy
4%
Aucun quiz correspondant
Distribution des résultats
% des personnes avec chaque résultat
Percentile par nombre de réponses
Votre historique - résultats
Vous n’avez pas pris ce quiz